| 000 | 00510nam a22001817a 4500 | ||
|---|---|---|---|
| 003 | NUST - PNEC | ||
| 005 | 20170116180753.0 | ||
| 008 | 150314b xxu||||| |||| 00| 0 eng d | ||
| 020 | _a9780071494472 | ||
| 040 | _cLIBRARY | ||
| 082 | _a338.095 FAN | ||
| 100 |
_91854 _aFannin Rebecca A. |
||
| 245 |
_aSilicon Dragon: How China Is Winning the Tech Race _cRebecca Fannin |
||
| 260 |
_aLondon _bMcGraw-Hill; _cc2008. |
||
| 300 | _a183 p. :" | ||
| 650 |
_91856 _aHistory geographic _xGeneral |
||
| 942 |
_2ddc _cBK |
||
| 999 |
_c62632 _d62632 |
||